[Event "Remote 4er 0239 email"]
[Site "Remote email"]
[Date "2014.01.17"]
[Round "?"]
[White "Santos, Pedro Miguel da Ros"]
[Black "Bonow, Valdir Maas"]
[Result "0-1"]
[WhiteElo "1693"]
[BlackElo "1891"]
[PlyCount "56"]
[EventDate "2014.??.??"]
[EventType "tourn (corr)"]
[EventRounds "6"]
[EventCountry "GER"]
[SourceTitle "Corr 2015"]
[Source "ChessBase"]
[SourceDate "2015.07.17"]
[SourceVersion "1"]
[SourceVersionDate "2015.07.17"]
[SourceQuality "1"]

1. e4 e5 2. Nf3 Nc6 3. Bc4 Nf6 4. d3 d6 5. Bg5 Be7 6. c3 0-0 7. 0-0 Na5 8. Nbd2 c6 9. b4 Nxc4 10. Nxc4 d5 11. Ncxe5 h6 12. Be3 dxe4 13. Nd4 Qc7 14. f4 exf3 15. Nexf3 Nd5 16. Bd2 Bg4 17. Qc1 Bf6 18. Ne2 Rfe8 19. Ng3 a5 20. Rb1 axb4 21. c4 Nc3 22. Bxc3 Bxc3 23. Ne4 Rxa2 24. c5 b5 25. Nxc3 bxc3 26. Rf2 Rxf2 27. Kxf2 Bxf3 28. Kxf3 Qd7 0-1

[Event "Remote 4er 0239 email"]
[Site "Remote email"]
[Date "2014.01.17"]
[Round "?"]
[White "Traut, Gerhard"]
[Black "Santos, Pedro Miguel da Ros"]
[Result "1-0"]
[WhiteElo "2351"]
[BlackElo "1725"]
[PlyCount "47"]
[EventDate "2014.??.??"]
[EventType "tourn (corr)"]
[EventRounds "6"]
[EventCountry "GER"]
[SourceTitle "Corr 2015"]
[Source "ChessBase"]
[SourceDate "2015.07.17"]
[SourceVersion "1"]
[SourceVersionDate "2015.07.17"]
[SourceQuality "1"]

1. b3 e5 2. Bb2 Nc6 3. e3 Bc5 4. Bb5 Nge7 5. d4 exd4 6. exd4 Bb6 7. c3 d5 8. Nf3 0-0 9. 0-0 Bg4 10. Nbd2 Na5 11. Re1 a6 12. Ba3 axb5 13. Bxe7 Qc8 14. Bxf8 Qxf8 15. h3 Bh5 16. Re5 Bxf3 17. Qxf3 c6 18. Rae1 Bc7 19. R5e3 b6 20. Qf5 Nb7 21. Qd7 Bh2+ 22. Kxh2 Nd6 23. Re7 Rd8 24. Qxc6 1-0

[Event "Remote Swiss email"]
[Site "Remote email"]
[Date "2013.10.01"]
[Round "4"]
[White "Tortoza, Carlos Alberto"]
[Black "Santos, Pedro Miguel da Ros"]
[Result "0-1"]
[WhiteElo "1563"]
[BlackElo "1744"]
[PlyCount "68"]
[EventDate "2013.??.??"]
[EventType "swiss (corr)"]
[EventRounds "6"]
[EventCountry "GER"]
[SourceTitle "Corr 2015"]
[Source "ChessBase"]
[SourceDate "2015.07.17"]
[SourceVersion "1"]
[SourceVersionDate "2015.07.17"]
[SourceQuality "1"]

1. e4 e5 2. Nf3 Nc6 3. Bc4 Bc5 4. 0-0 d6 5. d3 Bg4 6. Nbd2 Qd7 7. Qe1 Nf6 8. h3 Bxh3 9. Ng5 Be6 10. Nxe6 fxe6 11. Nf3 h6 12. Nh4 a6 13. Ng6 Rg8 14. Qe2 0-0-0 15. Be3 Qf7 16. Bxc5 dxc5 17. Nh4 Nd4 18. Qd2 b5 19. Bb3 g5 20. Qa5 Rd6 21. Nf5 Nxb3 22. Nxd6+ cxd6 23. Qxa6+ Qb7 24. Qxd6 Nd4 25. Qxc5+ Nc6 26. Qxe5 Nxe5 27. f4 gxf4 28. Rxf4 Nfg4 29. Rc1 Qb6+ 30. Kh1 Nf2+ 31. Kh2 Qe3 32. Rh4 Neg4+ 33. Rxg4 Nxg4+ 34. Kh1 Qxc1# 0-1

[Event "Remote Jubilee Gr.D email"]
[Site "Remote email"]
[Date "2013.09.02"]
[Round "?"]
[White "Barbosa, Luiz Francisco da S"]
[Black "Santos, Pedro Miguel da Ros"]
[Result "1-0"]
[WhiteElo "1932"]
[BlackElo "1700"]
[PlyCount "75"]
[EventDate "2013.??.??"]
[EventType "tourn (corr)"]
[EventRounds "10"]
[EventCountry "GER"]
[SourceTitle "Corr 2015"]
[Source "ChessBase"]
[SourceDate "2015.07.17"]
[SourceVersion "1"]
[SourceVersionDate "2015.07.17"]
[SourceQuality "1"]

1. d4 d5 2. c4 e6 3. Nc3 Nc6 4. Nf3 Bb4 5. a3 Bxc3+ 6. bxc3 Nge7 7. Bf4 0-0 8. e3 Re8 9. Bd3 dxc4 10. Bxc4 Ng6 11. Bg3 a6 12. 0-0 b5 13. Bd3 Bb7 14. Qc2 Nce7 15. Ne5 f5 16. Qe2 Bd5 17. c4 Bb7 18. cxb5 axb5 19. Bxb5 c6 20. Bc4 Nd5 21. Qh5 Nf6 22. Qe2 Nxe5 23. Bxe5 Ne4 24. f3 Nc3 25. Qb2 Nb5 26. a4 Nd6 27. Bxd6 Qxd6 28. Qxb7 Rab8 29. Qa7 Ra8 30. Qc5 Qxc5 31. dxc5 Kf7 32. Rfd1 Re7 33. Rd6 Rc8 34. a5 g5 35. a6 Kf6 36. Rb1 Ke5 37. Rb7 Rxb7 38. Rxe6# 1-0

[Event "Remote Jubilee Gr.D email"]
[Site "Remote email"]
[Date "2013.09.02"]
[Round "?"]
[White "Morau, Jose Roberto"]
[Black "Santos, Pedro Miguel da Ros"]
[Result "0-1"]
[WhiteElo "1968"]
[BlackElo "1725"]
[PlyCount "112"]
[EventDate "2013.??.??"]
[EventType "tourn (corr)"]
[EventRounds "10"]
[EventCountry "GER"]
[SourceTitle "Corr 2015"]
[Source "ChessBase"]
[SourceDate "2015.07.17"]
[SourceVersion "1"]
[SourceVersionDate "2015.07.17"]
[SourceQuality "1"]

1. e4 e5 2. Nf3 Nc6 3. Bc4 Be7 4. d4 exd4 5. Nxd4 Nf6 6. Nxc6 bxc6 7. e5 Ne4 8. Qf3 d5 9. exd6 Nxd6 10. 0-0 Bb7 11. Ba6 Qd7 12. Bxb7 Nxb7 13. Rd1 Nd6 14. c4 0-0 15. c5 Qf5 16. cxd6 Qxf3 17. gxf3 cxd6 18. Nc3 Rad8 19. Be3 a6 20. a3 Rb8 21. Na4 d5 22. Nc5 Bxc5 23. Bxc5 Rfe8 24. b4 Re6 25. Rac1 Rbe8 26. h3 Rg6+ 27. Kh2 h6 28. Bd4 Re2 29. Rc5 Rge6 30. Ra5 Ra2 31. Rxa6 Kh7 32. b5 cxb5 33. Rxe6 fxe6 34. Bc5 Rc2 35. Rb1 Rxc5 36. Re1 Rc6 37. Kg3 Kg6 38. f4 Kf6 39. Kg4 Rc3 40. Re3 d4 41. Rf3 h5+ 42. Kg3 Kf5 43. h4 Rxf3+ 44. Kxf3 g6 45. Ke2 Ke4 46. Kd2 Kxf4 47. Ke2 e5 48. f3 e4 49. fxe4 Kxe4 50. Kd2 d3 51. Kd1 Kd4 52. Kd2 Kc4 53. Kd1 Kc3 54. Kc1 g5 55. hxg5 h4 56. g6 h3 0-1

[Event "Remote Jubilee Gr.D email"]
[Site "Remote email"]
[Date "2013.09.02"]
[Round "?"]
[White "Santos, Pedro Miguel da Ros"]
[Black "Nackas, Hans Juergen"]
[Result "0-1"]
[WhiteElo "1744"]
[BlackElo "2051"]
[PlyCount "54"]
[EventDate "2013.??.??"]
[EventType "tourn (corr)"]
[EventRounds "10"]
[EventCountry "GER"]
[SourceTitle "Corr 2015"]
[Source "ChessBase"]
[SourceDate "2015.07.17"]
[SourceVersion "1"]
[SourceVersionDate "2015.07.17"]
[SourceQuality "1"]

1. e4 e5 2. Nf3 Nc6 3. Bc4 Bc5 4. 0-0 Nf6 5. d3 0-0 6. Bg5 d6 7. Nc3 Nd4 8. Nd5 Bg4 9. c3 Nxf3+ 10. gxf3 Bh3 11. Re1 c6 12. Nxf6+ gxf6 13. Bh6 Re8 14. Kh1 Kh8 15. Bxf7 Re7 16. Bc4 Bxf2 17. Re2 Bb6 18. d4 Qe8 19. Qd3 exd4 20. cxd4 Qh5 21. Bf4 d5 22. exd5 Rxe2 23. Qxe2 cxd5 24. Bb3 Bxd4 25. Rd1 Re8 26. Qd3 Re3 27. Qxe3 Bxe3 0-1

[Event "Remote 7er 0099 email"]
[Site "Remote email"]
[Date "2013.08.12"]
[Round "?"]
[White "Richter, Wolfgang"]
[Black "Santos, Pedro Miguel da Ros"]
[Result "1-0"]
[WhiteElo "2398"]
[BlackElo "1700"]
[PlyCount "39"]
[EventDate "2013.??.??"]
[EventType "tourn (corr)"]
[EventRounds "6"]
[EventCountry "GER"]
[SourceTitle "Corr 2015"]
[Source "ChessBase"]
[SourceDate "2015.07.17"]
[SourceVersion "1"]
[SourceVersionDate "2015.07.17"]
[SourceQuality "1"]

1. e4 e5 2. Nc3 Bc5 3. Nf3 d6 4. Na4 Bg4 5. Nxc5 dxc5 6. Bb5+ c6 7. Bc4 Nf6 8. Bxf7+ Kf8 9. Bb3 b5 10. d3 a5 11. Be3 Na6 12. a4 h6 13. h3 Bh5 14. g4 Bg6 15. Nxe5 Be8 16. Qf3 Rc8 17. Qf5 c4 18. dxc4 bxc4 19. Bxc4 Bd7 20. Ng6+ 1-0

[Event "Remote 7er 0099 email"]
[Site "Remote email"]
[Date "2013.08.12"]
[Round "?"]
[White "Santos, Pedro Miguel da Ros"]
[Black "Camacho, Carlos Eduardo"]
[Result "0-1"]
[WhiteElo "1700"]
[BlackElo "2175"]
[PlyCount "58"]
[EventDate "2013.??.??"]
[EventType "tourn (corr)"]
[EventRounds "6"]
[EventCountry "GER"]
[SourceTitle "Corr 2015"]
[Source "ChessBase"]
[SourceDate "2015.07.17"]
[SourceVersion "1"]
[SourceVersionDate "2015.07.17"]
[SourceQuality "1"]

1. e4 c5 2. Nf3 e6 3. Bc4 Qc7 4. d3 a6 5. a3 b5 6. Ba2 Nc6 7. 0-0 Nf6 8. Re1 d6 9. Bf4 Be7 10. c3 0-0 11. Nbd2 Ne5 12. d4 Nd3 13. Be3 Nxe1 14. Qxe1 Bb7 15. Ng5 h6 16. Ngf3 Nxe4 17. Bf4 Nxd2 18. Nxd2 cxd4 19. cxd4 Bf6 20. Nb3 Qc6 21. f3 Qc2 22. Bxd6 Rfd8 23. Be5 Bxe5 24. dxe5 Rac8 25. Rc1 Qxb2 26. Rxc8 Rxc8 27. Qb1 Qe2 28. Na5 Rc2 29. Qf1 Qe3+ 0-1

[Event "Remote 7er 0099 email"]
[Site "Remote email"]
[Date "2013.08.12"]
[Round "?"]
[White "Santos, Pedro Miguel da Ros"]
[Black "Traut, Gerhard"]
[Result "0-1"]
[WhiteElo "1700"]
[BlackElo "2294"]
[PlyCount "70"]
[EventDate "2013.??.??"]
[EventType "tourn (corr)"]
[EventRounds "6"]
[EventCountry "GER"]
[SourceTitle "Corr 2015"]
[Source "ChessBase"]
[SourceDate "2015.07.17"]
[SourceVersion "1"]
[SourceVersionDate "2015.07.17"]
[SourceQuality "1"]

1. e4 c5 2. Nf3 Nc6 3. Nc3 e6 4. Bc4 a6 5. a3 b5 6. Be2 Qc7 7. d4 cxd4 8. Nxd4 Nxd4 9. Qxd4 Bb7 10. 0-0 Bd6 11. g3 Nf6 12. Bf3 Be5 13. Qb4 a5 14. Qb3 Bxc3 15. bxc3 Bxe4 16. Bxe4 Nxe4 17. Qxb5 Nxc3 18. Qd3 Rc8 19. Bb2 d5 20. Bxc3 Qxc3 21. Qb5+ Ke7 22. Rfe1 Rc5 23. Qb7+ Rc7 24. Qxd5 Qxa1 25. Qxa5 Qc3 26. Qg5+ Qf6 27. Qxf6+ Kxf6 28. Re2 Rhc8 29. a4 Rxc2 30. Re4 Ra2 31. Kg2 e5 32. Kf3 Rc3+ 33. Kg2 Rcc2 34. h4 Rxf2+ 35. Kh3 h5 0-1

[Event "Remote 7er 0097 email"]
[Site "Remote email"]
[Date "2013.05.09"]
[Round "?"]
[White "Vetter, Udo"]
[Black "Santos, Pedro Miguel da Ros"]
[Result "1-0"]
[WhiteElo "1746"]
[BlackElo "1744"]
[PlyCount "71"]
[EventDate "2013.??.??"]
[EventType "tourn (corr)"]
[EventRounds "6"]
[EventCountry "GER"]
[SourceTitle "Corr 2015"]
[Source "ChessBase"]
[SourceDate "2015.07.17"]
[SourceVersion "1"]
[SourceVersionDate "2015.07.17"]
[SourceQuality "1"]

1. e4 c5 2. Nf3 e6 3. d4 Nc6 4. d5 exd5 5. exd5 Na5 6. c4 d6 7. Nc3 b6 8. Bd3 Nf6 9. 0-0 Be7 10. Re1 0-0 11. a3 Bg4 12. b4 cxb4 13. axb4 Nb7 14. Bb2 a5 15. bxa5 bxa5 16. Ne4 Nc5 17. Nxc5 dxc5 18. Be2 Qd6 19. Qd3 Bh5 20. Ne5 Bg6 21. Nxg6 fxg6 22. Qc3 Bd8 23. Bg4 Bc7 24. g3 a4 25. Be6+ Kh8 26. Re2 Ra7 27. Ba3 Bb8 28. Qe3 Rc7 29. Rb1 Ba7 30. Rb5 Re8 31. Qd3 Rce7 32. Bb2 Nh5 33. Qc3 Bb6 34. h3 Rf8 35. Qe3 h6 36. Qxh6# 1-0

[Event "Remote Master email"]
[Site "Remote email"]
[Date "2013.02.10"]
[Round "?"]
[White "Nowak, Mathias"]
[Black "Santos, Pedro Miguel da Ros"]
[Result "1-0"]
[WhiteElo "2366"]
[BlackElo "1782"]
[PlyCount "81"]
[EventDate "2013.??.??"]
[EventType "swiss (corr)"]
[EventRounds "6"]
[EventCountry "GER"]
[SourceTitle "Corr 2015"]
[Source "ChessBase"]
[SourceDate "2015.07.17"]
[SourceVersion "1"]
[SourceVersionDate "2015.07.17"]
[SourceQuality "1"]

1. d4 d5 2. c4 e6 3. Nf3 Nc6 4. Nc3 Bb4 5. e3 Bxc3+ 6. bxc3 Nge7 7. Bd3 a6 8. 0-0 0-0 9. Qc2 dxc4 10. Bxh7+ Kh8 11. Be4 f5 12. Bxc6 Nxc6 13. Qe2 b5 14. a4 Bb7 15. e4 f4 16. axb5 axb5 17. Rxa8 Bxa8 18. Ba3 Rf7 19. d5 exd5 20. exd5 Na5 21. Re1 Bxd5 22. Qe8+ Qxe8 23. Rxe8+ Kh7 24. Ng5+ Kg6 25. Nxf7 Bxf7 26. Rc8 c6 27. Bb4 Nb3 28. Rxc6+ Kh7 29. Rb6 Be8 30. Re6 Bf7 31. Re5 Nc1 32. Rxb5 Kh6 33. Kf1 Nd3 34. Rb6+ Kg5 35. Bf8 g6 36. Be7+ Kh6 37. f3 Nb2 38. Rxb2 Kg7 39. Bg5 Bd5 40. Rb6 Bf7 41. Ke2 1-0

[Event "Remote 4er 0226 email"]
[Site "Remote email"]
[Date "2012.12.29"]
[Round "?"]
[White "Peschen, Rainer"]
[Black "Santos, Pedro Miguel da Ros"]
[Result "1-0"]
[WhiteElo "2026"]
[BlackElo "1783"]
[PlyCount "35"]
[EventDate "2012.??.??"]
[EventType "tourn (corr)"]
[EventRounds "6"]
[EventCountry "GER"]
[SourceTitle "Corr 2015"]
[Source "ChessBase"]
[SourceDate "2015.07.17"]
[SourceVersion "1"]
[SourceVersionDate "2015.07.17"]
[SourceQuality "1"]

1. d4 d5 2. e4 dxe4 3. Nc3 Nf6 4. f3 exf3 5. Nxf3 Bg4 6. h3 Bd7 7. Bd3 e6 8. 0-0 Bd6 9. Qe1 0-0 10. Qh4 g6 11. Bg5 Be7 12. Ne5 a6 13. Rxf6 Nc6 14. Nxg6 fxg6 15. Rxg6+ Kf7 16. Rg7+ Ke8 17. Qh5+ Rf7 18. Qxf7# 1-0

[Event "Remote 4er 0226 email"]
[Site "Remote email"]
[Date "2012.12.29"]
[Round "?"]
[White "Valverde Lopez, Mario"]
[Black "Santos, Pedro Miguel da Ros"]
[Result "1-0"]
[WhiteElo "1870"]
[BlackElo "1793"]
[PlyCount "75"]
[EventDate "2012.??.??"]
[EventType "tourn (corr)"]
[EventRounds "6"]
[EventCountry "GER"]
[SourceTitle "Corr 2015"]
[Source "ChessBase"]
[SourceDate "2015.07.17"]
[SourceVersion "1"]
[SourceVersionDate "2015.07.17"]
[SourceQuality "1"]

1. e4 c5 2. b4 e6 3. bxc5 Bxc5 4. d4 Bb6 5. f4 d5 6. exd5 exd5 7. Nf3 Bg4 8. Bb5+ Nc6 9. Nc3 Nge7 10. Be3 Rc8 11. 0-0 0-0 12. Bxc6 bxc6 13. Qd3 Bf5 14. Qd2 Ba5 15. Ne5 f6 16. Nd3 Ng6 17. Rab1 Rb8 18. Rb3 Rxb3 19. axb3 Re8 20. Nc5 Bxc3 21. Qxc3 Bxc2 22. f5 Nf8 23. Bd2 Be4 24. b4 Qc8 25. Nxe4 Rxe4 26. b5 c5 27. Qxc5 Qxc5 28. dxc5 Nd7 29. c6 Nb6 30. Re1 Rxe1+ 31. Bxe1 Kf8 32. Bb4+ Ke8 33. Kf2 Nc8 34. Ke3 Nb6 35. Kd4 Kd8 36. Ba5 Kc7 37. Bxb6+ axb6 38. Kxd5 1-0

[Event "Remote 7er 0094 email"]
[Site "Remote email"]
[Date "2012.11.19"]
[Round "?"]
[White "Bertram, Mike"]
[Black "Santos, Pedro Miguel da Ros"]
[Result "1-0"]
[WhiteElo "1975"]
[BlackElo "1777"]
[PlyCount "77"]
[EventDate "2012.??.??"]
[EventType "tourn (corr)"]
[EventRounds "6"]
[EventCountry "GER"]
[SourceTitle "Corr 2015"]
[Source "ChessBase"]
[SourceDate "2015.07.17"]
[SourceVersion "1"]
[SourceVersionDate "2015.07.17"]
[SourceQuality "1"]

1. c4 e5 2. g3 Bc5 3. Bg2 d6 4. Nc3 Nf6 5. a3 a6 6. e3 c6 7. Nf3 Bg4 8. Qc2 0-0 9. 0-0 Nbd7 10. b4 Ba7 11. Ne4 d5 12. Nd6 e4 13. Nd4 c5 14. Nxb7 Qb6 15. Nxc5 Nxc5 16. bxc5 Qxc5 17. cxd5 Qxd5 18. Nc6 Bc5 19. Nb4 Bxb4 20. axb4 Rfc8 21. Qa2 Qh5 22. Qa5 Bf3 23. Qxh5 Nxh5 24. d4 Nf6 25. Bxf3 exf3 26. Ra2 Ne4 27. Bd2 Ng5 28. h4 Ne4 29. Rfa1 h6 30. Be1 Nd6 31. g4 f5 32. g5 Kh7 33. Kh2 hxg5 34. hxg5 Ne4 35. b5 Nxg5 36. Kg3 Kh6 37. Rxa6+ Rxa6 38. bxa6 Kh5 39. a7 1-0

[Event "Remote 7er 0094 email"]
[Site "Remote email"]
[Date "2012.11.19"]
[Round "?"]
[White "Santos, Pedro Miguel da Ros"]
[Black "Vetter, Udo"]
[Result "0-1"]
[WhiteElo "1777"]
[BlackElo "1710"]
[PlyCount "110"]
[EventDate "2012.??.??"]
[EventType "tourn (corr)"]
[EventRounds "6"]
[EventCountry "GER"]
[SourceTitle "Corr 2015"]
[Source "ChessBase"]
[SourceDate "2015.07.17"]
[SourceVersion "1"]
[SourceVersionDate "2015.07.17"]
[SourceQuality "1"]

1. e4 c5 2. Nf3 Nc6 3. Bc4 e6 4. d3 d5 5. exd5 exd5 6. Qe2+ Be7 7. Bb3 Nf6 8. 0-0 0-0 9. a3 Bg4 10. Nbd2 Nd4 11. Qd1 Nxb3 12. Nxb3 b6 13. Bf4 Bd6 14. Bg5 d4 15. Nbd2 Be7 16. Qe1 Re8 17. Ne5 Bd7 18. f4 Nd5 19. Bxe7 Qxe7 20. Qe4 f6 21. Nec4 Qxe4 22. Nxe4 Rad8 23. Ned6 Re7 24. f5 Bc6 25. Rae1 Rxe1 26. Rxe1 b5 27. Ne4 bxc4 28. Nxc5 Ne3 29. Re2 Rd5 30. Ne4 Rxf5 31. Ng3 Rf4 32. b3 cxd3 33. cxd3 h5 34. Rf2 Rxf2 35. Kxf2 h4 36. Ne2 Nxg2 37. Nxd4 Ba8 38. b4 Nf4 39. Ke3 Nd5+ 40. Kd2 Kf7 41. Nb5 a6 42. Nd6+ Kg6 43. Ne4 f5 44. Nc5 Nc7 45. Ke3 Kg5 46. d4 f4+ 47. Kf2 f3 48. Nd3 Kf5 49. Nc5 Kg4 50. Nd3 Bd5 51. Ne5+ Kf4 52. Ng6+ Kg4 53. Kg1 Nb5 54. h3+ Kg3 55. Ne7 f2+ 0-1

[Event "Remote 4er email"]
[Site "Remote email"]
[Date "2012.10.17"]
[Round "?"]
[White "Santos, Pedro Miguel da Ros"]
[Black "Peschen, Rainer"]
[Result "0-1"]
[WhiteElo "1835"]
[BlackElo "2215"]
[PlyCount "54"]
[EventDate "2012.??.??"]
[EventType "tourn (corr)"]
[EventRounds "6"]
[EventCountry "GER"]
[SourceTitle "Corr 2015"]
[Source "ChessBase"]
[SourceDate "2015.07.17"]
[SourceVersion "1"]
[SourceVersionDate "2015.07.17"]
[SourceQuality "1"]

1. e4 e5 2. Nf3 Nc6 3. Bc4 Nf6 4. d3 Bc5 5. Bg5 h6 6. Bh4 d6 7. c3 0-0 8. b4 Bb6 9. a4 a6 10. a5 Ba7 11. Nbd2 g5 12. Bg3 g4 13. Nh4 Nh5 14. Nf5 Bxf5 15. exf5 Qg5 16. Bd5 Qxf5 17. Bh4 Nf4 18. 0-0 Nxd5 19. Ne4 Qg6 20. Qb3 Nce7 21. c4 Nf5 22. Bg3 Nd4 23. Qd1 Nxb4 24. Rb1 Nbc6 25. Rxb7 f5 26. Nc3 f4 27. Bh4 Nf3+ 0-1

[Event "Remote 7er email"]
[Site "Remote email"]
[Date "2012.10.14"]
[Round "?"]
[White "Santos, Pedro Miguel da Ros"]
[Black "Wittig, Frank"]
[Result "0-1"]
[WhiteElo "1835"]
[BlackElo "2328"]
[PlyCount "48"]
[EventDate "2012.??.??"]
[EventType "tourn (corr)"]
[EventRounds "6"]
[EventCountry "GER"]
[SourceTitle "Corr 2015"]
[Source "ChessBase"]
[SourceDate "2015.07.17"]
[SourceVersion "1"]
[SourceVersionDate "2015.07.17"]
[SourceQuality "1"]

1. e4 e5 2. Nf3 Nc6 3. Bc4 Nf6 4. d3 Bc5 5. Bg5 h6 6. Bh4 d6 7. c3 g5 8. Bg3 Bd7 9. b4 Bb6 10. a4 a6 11. Nbd2 0-0 12. 0-0 Kh7 13. a5 Ba7 14. Qb3 Nh5 15. Bxf7 Nxg3 16. hxg3 Qf6 17. Bh5 g4 18. Nh4 Ne7 19. Nc4 Be6 20. Qc2 Qg5 21. Bxg4 Qxg4 22. Nd2 Qxg3 23. Ndf3 Bh3 24. d4 Qg4 0-1

[Event "Remote 4er 0220 email"]
[Site "Remote email"]
[Date "2012.08.03"]
[Round "?"]
[White "Baer, Cy"]
[Black "Santos, Pedro Miguel da Ros"]
[Result "0-1"]
[WhiteElo "1824"]
[BlackElo "1812"]
[PlyCount "54"]
[EventDate "2012.??.??"]
[EventType "tourn (corr)"]
[EventRounds "6"]
[EventCountry "GER"]
[SourceTitle "Corr 2015"]
[Source "ChessBase"]
[SourceDate "2015.07.17"]
[SourceVersion "1"]
[SourceVersionDate "2015.07.17"]
[SourceQuality "1"]

1. e4 e5 2. Bc4 Nf6 3. Nc3 Bc5 4. Nf3 d6 5. 0-0 0-0 6. a3 Bg4 7. h3 Bh5 8. Be2 c6 9. Na4 Nxe4 10. d3 Nf6 11. Nxc5 dxc5 12. Nxe5 Bxe2 13. Qxe2 Re8 14. Bf4 Qd4 15. g3 Nbd7 16. c3 Qd5 17. c4 Qe6 18. Rae1 Qxh3 19. Qf3 Nxe5 20. Bxe5 Rxe5 21. Rxe5 Ng4 22. Rh5 Qxh5 23. Qg2 Ne5 24. f3 Nxd3 25. Rd1 Ne5 26. g4 Qg6 27. Kf1 Nxc4 0-1

[Event "Remote 4er 0220 email"]
[Site "Remote email"]
[Date "2012.08.03"]
[Round "?"]
[White "Santos, Pedro Miguel da Ros"]
[Black "Bonow, Valdir Maas"]
[Result "1-0"]
[WhiteElo "1812"]
[BlackElo "2003"]
[PlyCount "129"]
[EventDate "2012.??.??"]
[EventType "tourn (corr)"]
[EventRounds "6"]
[EventCountry "GER"]
[SourceTitle "Corr 2015"]
[Source "ChessBase"]
[SourceDate "2015.07.17"]
[SourceVersion "1"]
[SourceVersionDate "2015.07.17"]
[SourceQuality "1"]

1. e4 e5 2. Nf3 Nc6 3. Bc4 Nf6 4. d3 Be7 5. 0-0 0-0 6. Re1 d6 7. a3 Bg4 8. Be3 a6 9. Nc3 Nd4 10. Bxd4 exd4 11. Nd5 b5 12. Ba2 c6 13. Nb4 a5 14. Nxc6 Qd7 15. Ncxd4 Rfc8 16. c3 h6 17. Qb3 Be6 18. Nxe6 a4 19. Qd1 fxe6 20. e5 dxe5 21. Rxe5 Nd5 22. Nd4 Bf6 23. Re4 Bxd4 24. Rxd4 Qf7 25. Qd2 Rf8 26. Rf1 Rad8 27. c4 Nf4 28. Rxd8 Rxd8 29. Qa5 Rf8 30. cxb5 Qh5 31. Qe1 Nxd3 32. Bxe6+ Kh7 33. Qe4+ Qg6 34. Qxg6+ Kxg6 35. b4 Kf6 36. Bd7 Ne5 37. Bh3 Rb8 38. f4 Nc4 39. Ra1 Rxb5 40. Bd7 Rb7 41. Bc6 Ra7 42. Bd5 Ne3 43. Be4 Re7 44. Bd3 Rd7 45. Bb5 Ra7 46. Rc1 g5 47. Rc6+ Kf5 48. fxg5 Kxg5 49. Bd3 h5 50. Rg6+ Kh4 51. g3+ Kh3 52. Rh6 Kg4 53. Be2+ Kg5 54. Rxh5+ Kf6 55. b5 Rb7 56. Rh6+ Ke5 57. Ra6 Nd5 58. Ra5 Nc3 59. Bf1 Kd4 60. Kg2 Kc5 61. h4 Nd5 62. Rxa4 Ne3+ 63. Kg1 Nf5 64. Rc4+ Kd6 65. Rc6+ 1-0